000
00345pab a2200145 454500
008
180718b1987 xxu||||| |||| 00| 0 eng d
100
_a
Chitale, M.P.
245
_a
Unhappy financial position
260
_c
1987
300
_a
667-70
362
_a
11 Apr.
650
_a
Finance, Public
773
_a
Economic and Political Weekly
909
_a
8485
999
_c
8485
_d
8485